| 000 | 01433nmm a2200481 a 4500 | ||
|---|---|---|---|
| 003 | AR-BaBNM | ||
| 005 | 20251128204957.0 | ||
| 008 | 146019s1961 ||||||||||||||000 | spa|| | ||
| 040 | _cAR-BaBNM | ||
| 100 | 1 |
_aMayer, Jacob Peter _d1903 |
|
| 245 | 1 | 0 | _aTrayectoria del pensamiento político |
| 250 | _a2ª ed. | ||
| 260 |
_aMéxico, D.F. _bFondo de Cultura Económica _c1961 |
||
| 300 | 1 | _axxxii, 346 p. | |
| 500 | 0 | _aContiene referencias bibliográficas al final de cada capítulo y epílogo | |
| 500 | 0 | _aIndice analítico en p. 335-344 | |
| 650 | 4 | _aTEORIA DEL ESTADO | |
| 650 | 4 | _aPENSAMIENTO OCCIDENTAL | |
| 650 | 4 | _aHISTORIA CONTEMPORANEA | |
| 650 | 4 | _aHISTORIA ANTIGUA | |
| 650 | 4 | _aEDAD MEDIA | |
| 650 | 4 | _aRENACIMIENTO | |
| 650 | 4 | _aFILOSOFIA POLITICA | |
| 650 | 4 | _aSOCIOLOGIA POLITICA | |
| 650 | 4 | _aECONOMIA | |
| 650 | 4 | _aRACIONALISMO | |
| 650 | 4 | _aLIBERALISMO | |
| 650 | 4 | _aSOCIALISMO | |
| 650 | 4 | _aFASCISMO | |
| 651 | 4 | _aEuropa | |
| 651 | 4 | _aEstados Unidos | |
| 653 | _aILUMINISMO | ||
| 653 | _aILUSTRACION | ||
| 653 | _aABSOLUTISMO | ||
| 700 | 1 |
_aCrossman, Richard Howard Stafford _ecolaborador |
|
| 700 | 1 |
_aKecskemeti, Paul _ecolaborador |
|
| 700 | 1 |
_aBramsted, Ernest Kohn _ecolaborador |
|
| 700 | 1 |
_aSprigge, Cecil Jackson Squire _ecolaborador |
|
| 700 | 1 |
_aTawney, Richard Henry _eprologuista |
|
| 700 | 1 |
_aHerrero, Vicente _etraductor |
|
| 942 | _cBK | ||
| 998 | _cMARTIN | ||
| 999 |
_c9552 _d9552 |
||